VICTORY OR VESTED INTEREST? (Record no. 82173)

MARC details
000 -LEADER
fixed length control field 00458nam a2200181Ia 4500
008 - FIXED-LENGTH DATA ELEMENTS--GENERAL INFORMATION
fixed length control field 090124s9999 xx 000 0 und d
082 ## - DEWEY DECIMAL CLASSIFICATION NUMBER
Item number 2027
100 ## - MAIN ENTRY--PERSONAL NAME
Personal name COLE G.D.H.
245 ## - TITLE STATEMENT
Title VICTORY OR VESTED INTEREST?
250 ## - EDITION STATEMENT
Edition statement 0
260 ## - PUBLICATION, DISTRIBUTION, ETC. (IMPRINT)
Name of publisher, distributor, etc "GEORGE ROUTLEDGE &SON, LTD"
Date of publication, distribution, etc 1942
300 ## - PHYSICAL DESCRIPTION
Extent 907
600 ## - SUBJECT ADDED ENTRY--PERSONAL NAME
Personal name COLE G.D.H.
630 ## - SUBJECT ADDED ENTRY--UNIFORM TITLE
Uniform title VICTORY OR VESTED INTEREST?
700 ## - ADDED ENTRY--PERSONAL NAME
Personal name COLE G.D.H.
730 ## - ADDED ENTRY--UNIFORM TITLE
Uniform title VICTORY OR VESTED INTEREST?
942 ## - ADDED ENTRY ELEMENTS (KOHA)
Koha item type Book
Holdings
Withdrawn status Lost status Damaged status Not for loan Home library Current library Date acquired Cost, normal purchase price Total Checkouts Full call number Barcode Date last seen Cost, replacement price Price effective from Koha item type
        Nagar Wachan Mandir, Thane Nagar Wachan Mandir, Thane   0.00   2027 THNNWM-2027 01/24/2009 0.00 01/24/2009 Book